Normal view
MARC view
- Gedivius, Juan,
Entry Nombre Personal
001 - NUMERO DE CONTROL
- campo de control: 36436
003 - IDENTIFICADOR DE NUMERO DE CONTROL
- campo de control: UPN
005 - FECHA Y HORA DE LA ÜLTIMA TRANSACCIÓN
- campo de control: 20210219194514.0
008 - DATOS DE LONGITUD FIJA
- campo de control de longitud fija: nabaccnnaabn|||||||||| b |nc|||||d
035 ## - NUMERO DE CONTROL
- Número de control: UPN11000008543
040 ## - FUENTE DE CATALOGACIÓN
- Lenguaje de catalogación: SPA
- Agencia de transcripción: UPN
100 1# - ENCABEZAMIENTO - NOMBRE PERSONAL
- Nombre personal: Gedivius, Juan,
- Fechas asociadas con el nombre: 1974-
670 ## - FUENTE EN LA QUE SE LOCALIZARON DATOS
- Cita de la fuente: T
- Uniform Resource Identifier: http://www.literatura.bellasartes.gob.mx/acervos/index.php/catalogo-biobibliografico/para-ninos-y-jovenes/1766
680 ## - NOTA PUBLICA DE ACCESO PÚBLICO
- Frase explicativa de la referencia: Nació en la ciudad de México. Narrador e ilustrador. De formación autodidacta, ha dedicado la mayor parte de su trabajo a la ilustración de libros para niños y jóvenes.
902 ## - CATALOGADOR
- Catalogador: MITM/050215
